[Event "AUTO-INT-3702"]
[Site "http://www.queenalice.com/game.php?id=1769893"]
[Date "2021.9.15"]
[Round "1"]
[White "slowcheetah"]
[Black "krystian"]
[Result "0-1"]
[WhiteElo "1491"]
[BlackElo "1724"]

1. d4 Nf6 2. Nc3 g6 3. e4 d6 4. Bc4 Bg7 5. Nf3 Bg4 6. h3 Bxf3 7. Qxf3 Nc6 8. O-O
O-O 9. Be3 Na5 10. Bb3 b6 11. e5 Ne8 12. Ne4 dxe5 13. Rad1 exd4 14. Bf4 e5 15.
Bg5 Qd7 16. Nf6+ Nxf6 17. Bxf6 Bxf6 18. Qxf6 Qc6 19. Qxe5 Qd6 20. Qe4 Rad8 21.
Rd2 Nxb3 22. axb3 Rfe8 23. Qh4 c5 24. f3 Qe5 25. f4 Qf5 26. Re2 Qd7 27. Rfe1
Rxe2 28. Rxe2 b5 29. Re7 Qf5 30. Re5 Qc8 31. b4 c4 32. Qf6 d3 33. Re7 Rf8 34.
cxd3 cxd3 35. Qd4 Rd8 36. Qxa7 d2 0-1

[Event "AUTO-INT-3702"]
[Site "http://www.queenalice.com/game.php?id=1769911"]
[Date "2021.9.15"]
[Round "1"]
[White "Nuzzera"]
[Black "slowcheetah"]
[Result "1-0"]
[WhiteElo "1339"]
[BlackElo "1489"]

1. e4 c5 2. Qh5 d6 3. e5 g6 4. Qe2 e6 5. Qe4 f5 6. Qe3 Nc6 7. Bb5 Bh6 8. Qc3 Bd7
9. exd6 Nf6 10. Bxc6 Bxc6 11. Qh3 Ng4 12. f3 Ne5 13. Qxh6 Qxd6 14. Qg7 O-O-O 15.
d3 c4 16. dxc4 Qc5 17. Bg5 Rde8 18. Bf4 Qb4+ 19. Kd1 Nxc4 20. Qc7# 1-0

[Event "AUTO-INT-3702"]
[Site "http://www.queenalice.com/game.php?id=1769912"]
[Date "2021.9.15"]
[Round "1"]
[White "slowcheetah"]
[Black "Nunes"]
[Result "1-0"]
[WhiteElo "1484"]
[BlackElo "1699"]

1. d4 Nf6 2. Nc3 d5 3. Nf3 g6 4. Bf4 Bg7 5. e3 O-O 6. Bd3 c6 7. O-O Nbd7 8. e4
dxe4 9. Nxe4 Nxe4 10. Bxe4 Nf6 11. Qd3 Nxe4 12. Qxe4 Bf5 13. Qe3 Bxc2 14. a4 Re8
15. Rac1 Bxa4 16. b3 1-0

[Event "AUTO-INT-3702"]
[Site "http://www.queenalice.com/game.php?id=1769913"]
[Date "2021.9.15"]
[Round "1"]
[White "Nunes"]
[Black "slowcheetah"]
[Result "1-0"]
[WhiteElo "1925"]
[BlackElo "1493"]

1. e4 c5 2. Nf3 e6 3. d3 d5 4. Qe2 Nc6 5. g3 Nf6 6. Bg2 e5 7. O-O Bd6 8. Nbd2
O-O 9. Rd1 c4 10. exd5 Nxd5 11. dxc4 Ndb4 12. Ne4 Be6 13. Nxd6 Qxd6 14. Rxd6 1-0

[Event "Challenge"]
[Site "http://www.queenalice.com/game.php?id=1772631"]
[Date "2021.10.19"]
[Round "-"]
[White "jjjcarvalho"]
[Black "slowcheetah"]
[Result "1-0"]
[WhiteElo "1632"]
[BlackElo "1509"]

1. d4 Nf6 2. c4 d5 3. e3 Bf5 4. Bd3 e6 5. Bxf5 exf5 6. Nc3 Be7 7. cxd5 Nxd5 8.
Nf3 O-O 9. O-O Nc6 10. Nxd5 Qxd5 11. a3 Na5 12. Nd2 Rad8 13. b4 Nc4 14. Nxc4
Qxc4 15. Bb2 b6 16. Rc1 Qd5 17. Qc2 c5 18. bxc5 bxc5 19. dxc5 Bxc5 20. Qxc5 Rfe8
21. Qxd5 Rxd5 22. Rc7 f4 23. exf4 Red8 24. Rxa7 R8d7 25. Rxd7 Rxd7 26. a4 h6 27.
a5 Rd2 28. Rb1 g5 29. fxg5 hxg5 30. a6 Rd8 31. Bf6 Rd7 32. Bxg5 1-0

[Event "Escorpión"]
[Site "http://www.queenalice.com/game.php?id=1776415"]
[Date "2021.12.7"]
[Round "3"]
[White "Givanildo"]
[Black "slowcheetah"]
[Result "1-0"]
[WhiteElo "1588"]
[BlackElo "1498"]

1. d4 Nf6 2. h3 d5 3. Bf4 Nc6 4. e3 h5 5. Bd3 g6 6. Nc3 Bf5 7. Bxf5 gxf5 8. Nf3
e6 9. Ne5 Na5 10. a3 a6 11. O-O Nc4 12. Bg5 Qe7 13. Ra2 O-O-O 14. Nxc4 dxc4 15.
Na4 Bg7 16. Nc5 1-0

[Event "Challenge"]
[Site "http://www.queenalice.com/game.php?id=1776805"]
[Date "2021.12.10"]
[Round "-"]
[White "slowcheetah"]
[Black "jjjcarvalho"]
[Result "0-1"]
[WhiteElo "1557"]
[BlackElo "1673"]

1. e4 c5 2. Bc4 d6 3. Nf3 Nc6 4. O-O h6 5. Nc3 e5 6. d3 f5 7. Be3 Nf6 8. Nh4 Ne7
9. Nd5 fxe4 10. Nxe7 Bxe7 11. h3 exd3 12. Qxd3 Kd7 13. Rad1 Kc7 14. Ng6 Re8 15.
Bf7 Ng8 16. Bxe8 Qxe8 17. a3 Nf6 18. Qc3 Qxg6 19. b4 Ne4 20. Qd3 Bxh3 0-1

[Event "Challenge"]
[Site "http://www.queenalice.com/game.php?id=1777080"]
[Date "2021.12.13"]
[Round "-"]
[White "Leftpawn"]
[Black "slowcheetah"]
[Result "1-0"]
[WhiteElo "1379"]
[BlackElo "1546"]

1. e4 Nc6 2. Nf3 e5 3. Bb5 Nge7 4. O-O a6 5. Ba4 d6 6. h3 h6 7. b3 Be6 8. Bxc6+
Nxc6 9. Nc3 Qf6 10. Nd5 Bxd5 11. exd5 Na5 12. d3 c6 13. dxc6 bxc6 14. Bb2 c5 15.
c4 Nc6 16. a3 Nd4 17. Nxd4 exd4 18. Qd2 Rb8 19. b4 Be7 20. Rfe1 O-O 21. Re4 Rfe8
22. Rae1 Rb7 23. Rf4 Qg5 24. h4 Qh5 25. Qe2 Qg6 26. Bc1 cxb4 27. Qg4 Qxd3 28.
Rf3 Qxc4 29. Bxh6 g6 30. Rc1 Qe2 31. Qxd4 Bf8 32. Bxf8 Rxf8 33. axb4 Rfb8 34.
Qxd6 Rxb4 35. Kh2 Rxh4+ 36. Kg3 Qe4 37. Rf4 Rb3+ 38. f3 1-0

[Event "AUTO-INT-3691"]
[Site "http://www.queenalice.com/game.php?id=1780478"]
[Date "2022.1.15"]
[Round "2"]
[White "slowcheetah"]
[Black "ajr"]
[Result "0-1"]
[WhiteElo "1539"]
[BlackElo "1786"]

1. e4 c5 2. Bc4 e5 3. Nc3 Nf6 4. Nf3 d6 5. O-O Bg4 6. d3 Nc6 7. Be3 a6 8. Nd5 h6
9. a3 b5 10. Nxf6+ Qxf6 11. Bd5 Rc8 12. c4 Nd4 13. Bxd4 cxd4 14. Bb7 Bxf3 15.
Qxf3 Qxf3 16. gxf3 Rb8 17. Bxa6 bxc4 18. Bxc4 Rxb2 19. a4 d5 20. exd5 Bd6 21. a5
Kd7 22. Ra2 Rxa2 23. Bxa2 Ra8 24. Bc4 Rxa5 25. Kg2 f5 26. f4 exf4 27. h4 g5 28.
Rh1 g4 29. f3 h5 30. fxg4 fxg4 31. Rb1 Be5 32. Rb7+ Kd6 33. Rh7 f3+ 34. Kf2 Ra8
35. Rxh5 Rf8 36. Rh6+ Kc5 37. Rc6+ Kb4 38. Rg6 g3+ 39. Kf1 Rh8 40. d6 Rxh4 0-1

[Event "AUTO-INT-3691"]
[Site "http://www.queenalice.com/game.php?id=1780479"]
[Date "2022.1.15"]
[Round "2"]
[White "ajr"]
[Black "slowcheetah"]
[Result "1-0"]
[WhiteElo "1773"]
[BlackElo "1546"]

1. d4 Nf6 2. Nc3 d5 3. h3 c5 4. dxc5 e5 5. b4 b6 6. cxb6 Qxb6 7. Nxd5 Nxd5 8. a3
Be7 9. Qxd5 Bb7 10. Qxe5 Nc6 11. Qxg7 O-O-O 12. Qxf7 Qd4 13. Qf5+ Kc7 14. Qf4+
Ne5 15. Qxd4 Rxd4 16. e3 Rd7 17. Bb2 Bf6 18. Bxe5+ Bxe5 19. Ra2 Bc3+ 20. Ke2
Rhd8 21. Nf3 Rd1 22. Nd4 Rd2+ 23. Ke1 Bd5 24. Nb5+ Kc6 25. Nxc3 Be6 26. Ra1 Rxc2
27. Rd1 Rd7 28. Bb5+ Kb6 29. Bxd7 1-0

[Event "Challenge"]
[Site "http://www.queenalice.com/game.php?id=1782089"]
[Date "2022.2.3"]
[Round "-"]
[White "jjjcarvalho"]
[Black "slowcheetah"]
[Result "1-0"]
[WhiteElo "1694"]
[BlackElo "1469"]

1. d4 c6 2. e4 d5 3. exd5 e6 4. dxe6 Bxe6 5. Nf3 Nf6 6. c3 c5 7. Bb5+ Nbd7 8.
Ne5 Bd6 9. f4 O-O 10. Be3 Nb6 11. h3 cxd4 12. cxd4 Bd5 13. Rg1 Rc8 14. Nc3 Ne4
15. Nxd5 Nxd5 16. Bd2 Qh4+ 17. g3 Qxh3 18. Qf3 Qh2 19. Qg2 Qxg2 20. Rxg2 Nxd2
21. Kxd2 Bb4+ 22. Kd3 a6 23. Bc4 Nb6 24. Bb3 Rcd8 25. Rc1 a5 26. Rc7 a4 27.
Bxf7+ Kh8 28. Rxb7 Nd5 29. Bxd5 Bd6 30. Nf7+ 1-0

[Event "AUTO-INT-3746"]
[Site "http://www.queenalice.com/game.php?id=1785180"]
[Date "2022.3.19"]
[Round "1"]
[White "kamikaze"]
[Black "slowcheetah"]
[Result "1-0"]
[WhiteElo "1692"]
[BlackElo "1484"]

1. d4 Nf6 2. c4 d6 3. Nf3 Bf5 4. Nc3 Nc6 5. a3 d5 6. e3 e6 7. cxd5 exd5 8. Be2
Ne4 9. O-O Be7 10. Qb3 O-O 11. Nxd5 Qd7 12. Nxe7+ Qxe7 13. Qxb7 Qe6 14. d5 Qxd5
15. Qb5 1-0

[Event "AUTO-INT-3746"]
[Site "http://www.queenalice.com/game.php?id=1785181"]
[Date "2022.3.19"]
[Round "1"]
[White "slowcheetah"]
[Black "kamikaze"]
[Result "0-1"]
[WhiteElo "1476"]
[BlackElo "1700"]

1. d4 d5 2. c4 c6 3. e3 a6 4. Na3 Nf6 5. b4 e6 6. Bd3 Bxb4+ 7. Bd2 Bxa3 8. cxd5
Be7 9. dxc6 Nxc6 10. Nf3 O-O 11. O-O Bd7 12. Rb1 b5 13. Be4 Rc8 14. Ne5 Be8 15.
Qe1 Nxe4 0-1

[Event "AUTO-INT-3746"]
[Site "http://www.queenalice.com/game.php?id=1785198"]
[Date "2022.3.19"]
[Round "1"]
[White "slowcheetah"]
[Black "DAN1958"]
[Result "0-1"]
[WhiteElo "1509"]
[BlackElo "1554"]

1. e4 e5 2. Nf3 f6 3. Bc4 g5 4. O-O Ne7 5. Nc3 c6 6. d4 d5 7. exd5 cxd5 8. Bb5+
Bd7 9. Be3 a6 10. Bxd7+ Nxd7 11. Qd3 e4 12. Qe2 Ng6 13. Nxd5 Qa5 14. Qc4 Kd8 15.
b4 Bxb4 16. Rab1 b5 17. Qc6 Rc8 0-1

[Event "AUTO-INT-3746"]
[Site "http://www.queenalice.com/game.php?id=1785199"]
[Date "2022.3.19"]
[Round "1"]
[White "DAN1958"]
[Black "slowcheetah"]
[Result "1-0"]
[WhiteElo "1539"]
[BlackElo "1524"]

1. e4 Nc6 2. c3 Nf6 3. d3 e5 4. Nd2 d5 5. f3 Bc5 6. Ne2 d4 7. c4 O-O 8. g4 h6 9.
a3 Re8 10. Nb3 Qd6 11. h3 b6 12. Nd2 a5 13. Nb3 a4 14. Nxc5 Qxc5 15. b4 Qd6 16.
c5 bxc5 17. Bd2 Ba6 18. Nc1 1-0

[Event "AUTO-INT-3746"]
[Site "http://www.queenalice.com/game.php?id=1785200"]
[Date "2022.3.19"]
[Round "1"]
[White "slowcheetah"]
[Black "zmanomega"]
[Result "0-1"]
[WhiteElo "1495"]
[BlackElo "1629"]

1. d4 d5 2. c4 Nc6 3. e3 Bf5 4. Nc3 e6 5. c5 Nf6 6. Nf3 Bg4 7. Be2 Bh5 8. Ne5
Bxe2 9. Qxe2 Qe7 10. O-O Nxe5 11. dxe5 Nd7 12. e4 Nxc5 13. exd5 O-O-O 14. Be3
exd5 15. Rad1 c6 16. Qg4+ Kb8 0-1

[Event "AUTO-INT-3746"]
[Site "http://www.queenalice.com/game.php?id=1785201"]
[Date "2022.3.19"]
[Round "1"]
[White "zmanomega"]
[Black "slowcheetah"]
[Result "1-0"]
[WhiteElo "1664"]
[BlackElo "1535"]

1. e4 Nc6 2. c3 e5 3. Bc4 Nf6 4. d3 Bc5 5. Qf3 d6 6. Bg5 h6 7. Bh4 Bg4 8. Qg3 h5
9. h3 Bd7 10. Ne2 Na5 11. Qxg7 Rf8 12. Bxf6 1-0

[Event "Challenge"]
[Site "http://www.queenalice.com/game.php?id=1790930"]
[Date "2022.6.15"]
[Round "-"]
[White "jjjcarvalho"]
[Black "slowcheetah"]
[Result "1-0"]
[WhiteElo "1825"]
[BlackElo "1450"]

1. e4 e5 2. Nf3 Nc6 3. Bc4 Nh6 4. d3 Bd6 5. Nc3 a6 6. Bxh6 gxh6 7. a3 Qf6 8. Qd2
Be7 9. Nd5 Qg6 10. Nxc7+ Kf8 11. Nxa8 Qxg2 12. Qxh6+ Kg8 13. Rg1 1-0

[Event "Challenge"]
[Site "http://www.queenalice.com/game.php?id=1792345"]
[Date "2022.7.12"]
[Round "-"]
[White "slowcheetah"]
[Black "jjjcarvalho"]
[Result "0-1"]
[WhiteElo "1448"]
[BlackElo "1855"]

1. d4 d5 2. c4 e6 3. Nc3 h6 4. Nf3 Nc6 5. a3 Nf6 6. Qd3 dxc4 7. Qxc4 a6 8. e4 g5
9. Bd3 Rb8 10. O-O Qd7 0-1